Power Rangers Series - Statistics

General Stats
  • This quiz has been taken 1,050 times
    944 since last reset
  • The average score is 22 of 25
Answer Stats
Answer % Correct
Mighty Morphin
97%
Zeo
95%
In Space
93%
S.P.D.
92%
Turbo
92%
Dino Charge
91%
Dino Thunder
91%
Mystic Force
90%
Samurai/Super Samurai
90%
Jungle Fury
89%
Wild Force
89%
Lost Galaxy
88%
Ninja Storm
88%
R.P.M.
88%
Time Force
88%
Light Speed Rescue
87%
Megaforce
87%
Alien
85%
Ninja Steel
85%
Operation Overdrive
82%
Super Megaforce
79%
Beast Morphers
77%
Dino Fury
74%
Super Ninja Steel
71%
Dino Super Charge
62%
No matching quizzes found
Score Distribution
Percent of People with Each Score
Percentile by Number Answered
Your Score History
You have not taken this quiz since the last reset